Name the Poker Hands by Picture - Statistics

General Stats
  • This quiz has been taken 233 times
  • The average score is 9 of 10
Answer Stats
Picture Answer % Correct
Pair
95%
Royal Flush
95%
Flush
93%
Full House
93%
Straight
93%
Straight Flush
93%
Three of a Kind
93%
Two Pair
93%
Four of a Kind
91%
High Card
87%
No matching quizzes found
Score Distribution
Percent of People with Each Score
Percentile by Number Answered
Your Score History
You have not taken this quiz